<?xml version="1.0" encoding="UTF-8"?>
<record
    xmlns:xsi="http://www.w3.org/2001/XMLSchema-instance"
    xsi:schemaLocation="http://www.loc.gov/MARC21/slim http://www.loc.gov/standards/marcxml/schema/MARC21slim.xsd"
    xmlns="http://www.loc.gov/MARC21/slim">

  <leader>00885nam a22002537a 4500</leader>
  <controlfield tag="005">20170123162313.0</controlfield>
  <datafield tag="010" ind1=" " ind2=" ">
    <subfield code="a">A-511472</subfield>
  </datafield>
  <datafield tag="020" ind1=" " ind2=" ">
    <subfield code="c">25.00</subfield>
  </datafield>
  <datafield tag="035" ind1=" " ind2=" ">
    <subfield code="a">A-511472</subfield>
  </datafield>
  <datafield tag="037" ind1=" " ind2=" ">
    <subfield code="b">Cen Lib/Ret</subfield>
  </datafield>
  <datafield tag="040" ind1=" " ind2=" ">
    <subfield code="a">DPL</subfield>
    <subfield code="b">UR</subfield>
  </datafield>
  <datafield tag="082" ind1=" " ind2=" ">
    <subfield code="a">376.58</subfield>
    <subfield code="b">&#x645; &#x62D; &#x645;</subfield>
  </datafield>
  <datafield tag="100" ind1=" " ind2=" ">
    <subfield code="a">&#x645;&#x62D;&#x645;&#x651;&#x62F; &#x62D;&#x627;&#x645;&#x62F; </subfield>
    <subfield code="9">112806</subfield>
  </datafield>
  <datafield tag="245" ind1=" " ind2=" ">
    <subfield code="a">&#x62A;&#x639;&#x644;&#x6CC;&#x645;&#x6CC; &#x645;&#x633;&#x627;&#x626;&#x644; &#x627;&#x648;&#x631; &#x6C1;&#x645;&#x627;&#x631;&#x6CC; &#x632;&#x645;&#x645;&#x62F;&#x627;&#x631;&#x6CC;&#x627;&#x6BA; /</subfield>
    <subfield code="c">&#x645;&#x62D;&#x645;&#x651;&#x62F; &#x62D;&#x627;&#x645;&#x62F; </subfield>
  </datafield>
  <datafield tag="246" ind1=" " ind2=" ">
    <subfield code="a">Taalimi masail aur hamari zimmedariyan /</subfield>
    <subfield code="b">by Mohaamad Hamid  </subfield>
  </datafield>
  <datafield tag="260" ind1=" " ind2=" ">
    <subfield code="a">&#x62D;&#x6CC;&#x62F;&#x631;&#x622;&#x628;&#x627;&#x62F; </subfield>
    <subfield code="b">&#x642;&#x6CC;&#x635;&#x631; &#x62C;&#x627;&#x648;&#x6CC;&#x62F; &#x627;&#x62D;&#x645;&#x62F; </subfield>
    <subfield code="c">1989</subfield>
  </datafield>
  <datafield tag="270" ind1=" " ind2=" ">
    <subfield code="a">&#x62C;&#x62F;&#x6CC;&#x62F; &#x645;&#x646;&#x62C;&#x6CC;&#x644; </subfield>
    <subfield code="b">&#x62D;&#x6CC;&#x62F;&#x631;&#x622;&#x628;&#x627;&#x62F; </subfield>
  </datafield>
  <datafield tag="300" ind1=" " ind2=" ">
    <subfield code="a">139p. </subfield>
    <subfield code="c">17cm(Hb)</subfield>
  </datafield>
  <datafield tag="650" ind1=" " ind2=" ">
    <subfield code="a"> &#x633;&#x645;&#x627;&#x62C;&#x6CC; &#x633;&#x627;&#x626;&#x646;&#x633;</subfield>
    <subfield code="9">400</subfield>
  </datafield>
  <datafield tag="650" ind1=" " ind2=" ">
    <subfield code="a"> &#x633;&#x645;&#x627;&#x62C;&#x6CC; &#x631;&#x648;&#x6CC;&#x6D2; - &#x627;&#x646;&#x633;&#x627;&#x646;&#x6CC;</subfield>
    <subfield code="9">112807</subfield>
  </datafield>
  <datafield tag="650" ind1=" " ind2=" ">
    <subfield code="a">Social science </subfield>
    <subfield code="9">112808</subfield>
  </datafield>
  <datafield tag="650" ind1=" " ind2=" ">
    <subfield code="a">Social behaviour -- Human </subfield>
    <subfield code="9">112809</subfield>
  </datafield>
  <datafield tag="942" ind1=" " ind2=" ">
    <subfield code="2">ddc</subfield>
    <subfield code="c">UR</subfield>
    <subfield code="h">376.58</subfield>
    <subfield code="m">&#x645; &#x62D; &#x645;</subfield>
  </datafield>
  <datafield tag="999" ind1=" " ind2=" ">
    <subfield code="c">106518</subfield>
    <subfield code="d">106518</subfield>
  </datafield>
  <datafield tag="952" ind1=" " ind2=" ">
    <subfield code="0">0</subfield>
    <subfield code="1">0</subfield>
    <subfield code="4">0</subfield>
    <subfield code="7">0</subfield>
    <subfield code="a">L</subfield>
    <subfield code="b">L</subfield>
    <subfield code="d">2015-12-23</subfield>
    <subfield code="e">Cen Lib/Ret</subfield>
    <subfield code="g">25.00</subfield>
    <subfield code="l">0</subfield>
    <subfield code="o">376.58 &#x645; &#x62D; &#x645;</subfield>
    <subfield code="p">A-511472</subfield>
    <subfield code="r">2015-12-23 00:00:00</subfield>
    <subfield code="t">1</subfield>
    <subfield code="v">25.00</subfield>
    <subfield code="w">2015-12-23</subfield>
    <subfield code="y">UR</subfield>
  </datafield>
</record>
